000
00245nam a22001217a 4500
003
SGT
082
_a
AGA
100
_a
AGARWAL, VANITIA
245
_a
MANAGERIAL ECONOMICS
260
_a
PEARSON INDIA
_c
2013
300
_a
542
942
_2
ddc
_c
BK
_0
32
999
_c
14253
_d
14253